000 00263nam a22001097a 4500
008 170120b xxu||||| |||| 00| 0 eng d
020 _a9781416047803
041 _aeng
080 _a618.2
245 _aMEDICAL CLINICS OF NORTH AMERICA
_cSMITH, H.S
942 _2udc
_cBK
999 _c3287
_d3287